000 00860nam a22002417a 4500
999 _c65100
_d65100
005 20240530110807.0
008 190115s2018 ua a g 000 0 ara d
017 _a2018/13671
_bمصر. دار الكتب
040 _aEG-CaGPL
_cEG-CaGPL
082 0 4 _221
_a613.711 /
_bع م
100 0 _aعمر جمال سليمان العنانى
245 1 0 _aموضوعات مختارة فى فسيولوجيا الرياضة /
_cاعداد عمر جمال سليمان العنانى
250 _aط.1
260 _aالقاهرة :
_c2018 .
300 _a355 ص. :
_bايض ؛
_c24 سم.
650 0 7 _2qrmak
_aالرياضة
650 0 7 _aالخلايا الجذعية
_2qrmak
650 0 7 _aالنشاط الرياضى
_2qrmak
650 0 7 _aجهاز المناعة
_2qrmak
651 _2qrmak
942 _2ddc
_cBK